[Event "20th Open"]
[Site "Cappelle la Grande FRA"]
[Date "2004.03.04"]
[Round "7"]
[White "Kulaots,K"]
[Black "Areshchenko,A"]
[Result "1-0"]
[WhiteElo "2530"]
[BlackElo "2564"]
[EventDate "2004.02.28"]

1. e4 c5 2. Nf3 d6 3. d4 cxd4 4. Nxd4 Nf6 5. Nc3 a6 6. Be2 e5 7. Nb3 Be7 8.
Bg5 Be6 9. Bxf6 Bxf6 10. Qd3 Nc6 11. O-O-O Nd4 12. Nxd4 exd4 13. Nd5 Bxd5
14. exd5 O-O 15. Qf3 Re8 16. Bd3 Re5 17. Kb1 Qa5 18. g4 Qxd5 19. Qxd5 Rxd5
20. f4 g5 21. fxg5 Rxg5 22. Bf5 Re8 23. Rhf1 Be5 24. h4 Rg7 25. h5 h6 26.
Rf3 f6 27. a4 Ree7 28. Rb3 Rc7 29. Rdd3 Kf8 30. Rb6 Ke8 31. Rdb3 Kd8 32.
R3b4 Rge7 33. Rxa6 Rg7 34. Ra8+ Ke7 35. Rb8 d5 36. R8xb7 Rg8 37. Rxc7+ Bxc7
38. Rxd4 Rd8 39. c3 Kd6 40. Kc2 Kc6 41. b4 Be5 42. Rd3 Rb8 43. Be6 Rd8 44.
c4 d4 45. Bd5+ Kb6 46. Kb3 Ka6 47. a5 Ka7 48. Bf3 Bg3 49. c5 Be1 50. Kc4
Bc3 51. b5 Rf8 52. a6 f5 53. Bb7 Ba5 54. Rxd4 fxg4 55. Rxg4 Bc7 56. b6+
Bxb6 57. cxb6+ Kxb6 58. Rg6+ Ka7 59. Rxh6 Rf4+ 60. Kd5 1-0

[Event "20th Open"]
[Site "Cappelle la Grande FRA"]
[Date "2004.03.04"]
[Round "7"]
[White "Slobodjan,R"]
[Black "Koch,W"]
[Result "1-0"]
[WhiteElo "2516"]
[BlackElo "2319"]
[EventDate "2004.02.28"]

1. e4 d6 2. d4 Nf6 3. f3 e5 4. dxe5 dxe5 5. Qxd8+ Kxd8 6. Bc4 Ke8 7. Be3 c6
8. Nd2 Nbd7 9. Nb3 Nb6 10. Bd3 Na4 11. O-O-O b6 12. Ne2 Be6 13. Ng3 Nd7 14.
f4 f6 15. Be2 exf4 16. Bxf4 Ne5 17. Nf5 Nc5 18. Nxc5 bxc5 19. Nd6+ Ke7 20.
Be3 Nd7 21. Rd2 g6 22. Rhd1 h5 23. Bc4 Bg4 24. Re1 Bh6 25. Bxh6 Rxh6 26. e5
fxe5 27. Nf7 Rh7 28. Nxe5 Nxe5 29. Rxe5+ Kf6 30. Rxc5 Bd7 31. Rd6+ Ke7 32.
Rxg6 Rf8 33. Ra5 1-0

[Event "20th Open"]
[Site "Cappelle la Grande FRA"]
[Date "2004.03.04"]
[Round "7"]
[White "Hanley,C"]
[Black "Uhoda,P"]
[Result "1-0"]
[WhiteElo "2322"]
[BlackElo "2157"]
[EventDate "2004.02.28"]

1. e4 c5 2. Nf3 d6 3. Nc3 Nf6 4. e5 dxe5 5. Nxe5 Nbd7 6. Nc4 Nb6 7. b3 e6
8. Be2 Be7 9. O-O O-O 10. Bf3 Nbd5 11. Bb2 Nxc3 12. Bxc3 Nd5 13. Be5 Bd7
14. Bg3 Be8 15. Re1 Rc8 16. a4 b6 17. c3 Bc6 18. Qe2 Bh4 19. Ne5 Bxg3 20.
hxg3 Ne7 21. a5 Bxf3 22. Qxf3 Qd5 23. Qxd5 Nxd5 24. axb6 axb6 25. Ra7 Ra8
26. Rea1 Nc7 27. Nd7 Rxa7 28. Rxa7 1-0

[Event "20th Open"]
[Site "Cappelle la Grande FRA"]
[Date "2004.03.04"]
[Round "7"]
[White "Foisor,S"]
[Black "Kononenko,T"]
[Result "1-0"]
[WhiteElo "2114"]
[BlackElo "2353"]
[EventDate "2004.02.28"]

1. d4 d5 2. c4 c6 3. e3 e6 4. Nc3 f5 5. g4 fxg4 6. Qxg4 Nf6 7. Qg2 Nbd7 8.
Bd2 Bd6 9. Nf3 Qe7 10. Rg1 g6 11. O-O-O b6 12. e4 dxe4 13. Ng5 Bb7 14.
Ncxe4 O-O-O 15. Nxd6+ Qxd6 16. Nf7 Qe7 17. Nxh8 c5 18. Nxg6 hxg6 19. Qxg6
cxd4 20. Bg5 Qd6 21. f4 Rg8 22. Qd3 e5 23. fxe5 Qxe5 24. h4 Qa5 25. Qxd4
Qxa2 26. Bxf6 Qa1+ 27. Kc2 Qa4+ 28. b3 Qa2+ 29. Kc3 1-0

[Event "20th Open"]
[Site "Cappelle la Grande FRA"]
[Date "2004.03.04"]
[Round "7"]
[White "Tchernyi,V"]
[Black "Monsieux,C"]
[Result "0-1"]
[WhiteElo "2309"]
[BlackElo "2156"]
[EventDate "2004.02.28"]

1. d4 Nf6 2. Nf3 c5 3. d5 e6 4. Nc3 exd5 5. Nxd5 Nxd5 6. Qxd5 Nc6 7. Bf4
Nb4 8. Qd2 d5 9. e4 Be7 10. a3 dxe4 11. Bb5+ Kf8 12. Qxd8+ Bxd8 13. axb4
exf3 14. bxc5 fxg2 15. Rg1 Bf6 16. O-O-O Bg4 17. Rd3 Bf5 18. Re3 Be7 19.
Bd6 Bxd6 20. cxd6 a6 21. Bd3 Be6 22. Be4 Rd8 23. Rd3 Rd7 24. Bxg2 g6 25.
Rgd1 Kg7 26. Rd4 Rhd8 27. Rb4 Rxd6 28. Rxd6 Rxd6 29. Bxb7 Bd7 30. c4 a5 31.
Rb3 Ba4 32. c5 Rd4 0-1

[Event "20th Open"]
[Site "Cappelle la Grande FRA"]
[Date "2004.03.04"]
[Round "7"]
[White "Meister,Y"]
[Black "Socko,B"]
[Result "1/2-1/2"]
[WhiteElo "2488"]
[BlackElo "2556"]
[EventDate "2004.02.28"]

1. e4 e5 2. Nf3 Nc6 3. Bb5 a6 4. Ba4 Nf6 5. O-O Be7 6. Bxc6 dxc6 7. d3 Nd7
8. Nbd2 O-O 9. Nc4 Bf6 10. b3 Re8 11. Bb2 c5 12. a4 b6 13. Qd2 Rb8 14. h3
g6 15. Nh2 Bg5 16. Qc3 f6 17. Bc1 Bxc1 18. Raxc1 g5 19. a5 Nf8 20. axb6
cxb6 21. b4 Qd4 22. Qa3 cxb4 23. Qxb4 a5 24. Qa3 Be6 25. Ng4 Nd7 26. Nd6
Rf8 27. Nf5 Qc5 28. Qa1 Rfc8 29. c3 Qf8 30. Ngh6+ Kh8 31. d4 Ra8 32. Rfd1
a4 33. Rb1 a3 34. dxe5 a2 35. Rb5 Rc5 36. Rxc5 Nxc5 37. c4 Nb3 38. Qc3 a1=Q
39. Rxa1 Rxa1+ 40. Kh2 Qb8 41. f4 Rf1 42. exf6 Qxf4+ 43. Ng3 Qxf6 44. Qxb3
Rf2 45. Ngf5 Bxf5 46. Nxf5 Qe5+ 47. Kg1 Rd2 48. Qa4 Rd8 49. Qb3 Ra8 50. Ng3
Ra1+ 51. Kh2 Qd4 52. Ne2 Qd6+ 53. Ng3 Ra5 54. Qf3 Ra3 55. Qg4 h6 56. e5
Qxe5 57. Qc8+ Kg7 58. Qb7+ Kf8 59. Qc8+ Qe8 60. Qc7 Qe6 61. c5 bxc5 62.
Qxc5+ Qe7 63. Qf5+ Ke8 64. Qc8+ Kf7 65. Qf5+ Qf6 66. Qd7+ Kg6 67. Qe8+ Kh7
68. Qe4+ Kg8 69. Qe8+ Qf8 70. Qe6+ Qf7 71. Qc8+ Kg7 72. Nf5+ Kh7 73. Qc2
Ra7 74. Ne7+ Kg7 75. Nf5+ Kf6 76. Nxh6 Qc7+ 77. Qxc7 Rxc7 78. Ng4+ Kf5 79.
Ne3+ Ke4 80. Ng4 Kf4 81. Nf2 Rc2 82. Ng4 Re2 83. Nh6 Re3 84. Ng4 Re6 85.
Nf2 Re2 86. Ng4 Ra2 87. Nf6 Ra3 88. Ng4 Ra2 89. Nf6 Ke3 90. Kg3 Ra4 91. Nh7
Ra5 92. Kg4 Kf2 93. Nxg5 Kxg2 94. h4 Ra4+ 95. Kf5 Rxh4 96. Ne4 Kf3 97. Ng5+
Ke3 98. Ne6 Rh5+ 99. Kf6 Ke4 100. Ng5+ Kf4 101. Ne6+ Kg4 102. Nd4 Rd5 103.
Ne6 Ra5 1/2-1/2

[Event "20th Open"]
[Site "Cappelle la Grande FRA"]
[Date "2004.03.04"]
[Round "7"]
[White "Scetinin,A"]
[Black "Lagunes,J"]
[Result "1-0"]
[WhiteElo "2283"]
[BlackElo "2077"]
[EventDate "2004.02.28"]

1. e4 d5 2. exd5 Qxd5 3. Nc3 Qa5 4. d4 Nf6 5. Be2 c6 6. h3 Bf5 7. Nf3 Nbd7
8. O-O e6 9. Bf4 Bg6 10. a3 Qf5 11. Qd2 Qxc2 12. Qe3 Be7 13. Rfc1 Qb3 14.
Nd2 Qb6 15. Nc4 Qd8 16. Nd6+ Bxd6 17. Bxd6 Nb6 18. Qe5 Nc8 19. Nb5 Kd7 20.
Bc7 Qe7 21. Ba5 Nd5 22. Nc7 Nxc7 23. Qxc7+ Ke8 24. Rxc6 Be4 25. Qxc8+ Rxc8
1-0

[Event "20th Open"]
[Site "Cappelle la Grande FRA"]
[Date "2004.03.04"]
[Round "7"]
[White "Abergel,T"]
[Black "Bentivegna,F"]
[Result "1-0"]
[WhiteElo "2441"]
[BlackElo "2234"]
[EventDate "2004.02.28"]

1. d4 Nf6 2. Nf3 c5 3. e3 d5 4. b3 cxd4 5. exd4 Nc6 6. Bd3 Bg4 7. c3 e6 8.
O-O Bd6 9. Re1 Qc7 10. h3 Bh5 11. Ba3 Bxa3 12. Nxa3 O-O 13. Re3 Bg6 14.
Bxg6 hxg6 15. Ne5 Nxe5 16. dxe5 Ne4 17. Qd4 Qa5 18. Nc4 dxc4 19. b4 Qa3 20.
Qxe4 Rad8 21. Qxc4 Qb2 22. Rf1 Rd2 23. Rf3 Rfd8 24. a4 Qc2 25. a5 g5 26.
Qc5 Rd1 27. Rxd1 Qxd1+ 28. Kh2 Qd5 29. Qe7 Rd7 30. Qxg5 Qd2 31. Rf4 Qe2 32.
Rg4 g6 33. Qf6 Rd5 34. Rxg6+ fxg6 35. Qxg6+ Kh8 36. Qh6+ Kg8 37. Qxe6+ 1-0

[Event "20th Open"]
[Site "Cappelle la Grande FRA"]
[Date "2004.03.04"]
[Round "7"]
[White "Bitalzadeh,A"]
[Black "Ramirez,Al"]
[Result "1/2-1/2"]
[WhiteElo "2241"]
[BlackElo "2499"]
[EventDate "2004.02.28"]

1. e4 c5 2. Nf3 Nc6 3. d4 cxd4 4. Nxd4 e5 5. Nb5 Nf6 6. N1c3 d6 7. Bg5 a6
8. Na3 b5 9. Nd5 Be7 10. Bxf6 Bxf6 11. c3 O-O 12. Nc2 Bg5 13. a4 bxa4 14.
Rxa4 a5 15. Bb5 Bb7 16. O-O Ne7 17. Bc4 Nxd5 18. Bxd5 Qb6 19. Ra2 Rab8 20.
b4 axb4 21. Nxb4 Qc5 22. Bxb7 Rxb7 23. Qd5 Rc7 24. Qxc5 Rxc5 25. Nd5 f5 26.
f3 Rd8 27. Rfa1 Kf7 28. Kf2 fxe4 1/2-1/2

[Event "20th Open"]
[Site "Cappelle la Grande FRA"]
[Date "2004.03.04"]
[Round "7"]
[White "Najer,E"]
[Black "Totsky,L"]
[Result "1-0"]
[WhiteElo "2602"]
[BlackElo "2517"]
[EventDate "2004.02.28"]

1. e4 e6 2. d4 d5 3. e5 c5 4. c3 Qb6 5. Nf3 Bd7 6. a3 Nc6 7. b4 cxd4 8.
cxd4 Rc8 9. Be3 Nh6 10. Bd3 Ng4 11. O-O Nxe3 12. fxe3 g6 13. Nbd2 Bh6 14.
Qe2 Ne7 15. g4 Rc3 16. Rfc1 Rxc1+ 17. Rxc1 O-O 18. Nb3 Rc8 19. Nc5 Qd8 20.
Rf1 Rc7 21. Qe1 b6 22. Na6 Rc8 23. b5 Be8 24. a4 g5 25. Qb1 Ng6 26. Bxg6
hxg6 27. Rc1 Bf8 28. Rc2 Be7 29. Qc1 Rxc2 30. Qxc2 Bd7 31. Kf2 Kf8 32. Ke2
Qc8 33. Qxc8+ Bxc8 34. Nb8 Ke8 35. Nc6 a6 36. Nxe7 Kxe7 37. bxa6 Bxa6+ 38.
Kd2 Bc4 39. Nxg5 Bb3 40. Nh7 Bxa4 41. h4 Bb5 42. h5 gxh5 43. gxh5 Bd7 44.
Kc3 Bc8 45. h6 Ba6 46. Ng5 Kf8 47. h7 Kg7 48. Nxf7 Kxh7 49. Ng5+ Kg6 50.
Nxe6 Kf5 51. Ng7+ Kg6 52. Ne8 Kf7 53. Nc7 Bb7 54. Nb5 Ke6 55. Kb4 Bc6 56.
Nc3 Kf5 57. Na4 Ke4 58. Nxb6 Kxe3 59. Kc5 Ke4 60. Kb4 1-0

[Event "20th Open"]
[Site "Cappelle la Grande FRA"]
[Date "2004.03.05"]
[Round "8"]
[White "Seret,JL"]
[Black "Svetushkin,D"]
[Result "1/2-1/2"]
[WhiteElo "2315"]
[BlackElo "2553"]
[EventDate "2004.02.28"]

1. e4 c6 2. d3 d5 3. Nd2 e5 4. Ngf3 Bd6 5. g3 Nf6 6. Bg2 O-O 7. O-O Re8 8.
c3 Nbd7 9. a3 a5 10. b3 b6 11. Bb2 Ba6 12. exd5 cxd5 13. c4 Rc8 14. Re1 Qc7
15. d4 dxc4 16. bxc4 exd4 17. Rxe8+ Rxe8 18. Nxd4 Ne5 19. Nb5 Bxb5 20. cxb5
Nd3 21. Ne4 Nxb2 22. Qxd6 Qxd6 23. Nxd6 Rd8 24. Rc1 Kf8 25. Rc6 Na4 26. f4
Ng8 27. Nc4 Ne7 28. Rc7 Nc8 29. Bb7 Na7 30. Ba6 f6 31. Ne5 Rd7 32. Nxd7+
Kf7 33. Rc3 Nxc3 34. a4 Kg8 35. Nxf6+ gxf6 36. g4 Kg7 37. g5 1/2-1/2

[Event "20th Open"]
[Site "Cappelle la Grande FRA"]
[Date "2004.03.05"]
[Round "8"]
[White "Skatchkov,P"]
[Black "Gyimesi,Z"]
[Result "1/2-1/2"]
[WhiteElo "2493"]
[BlackElo "2553"]
[EventDate "2004.02.28"]

1. d4 Nf6 2. Nf3 d5 3. g3 c6 4. Bg2 Bf5 5. O-O h6 6. c4 e6 7. Nc3 Nbd7 8.
Qb3 Qb6 9. c5 Qxb3 10. axb3 a6 11. Bf4 Be7 12. b4 O-O 13. Rfe1 Rac8 14. h3
Rfe8 15. g4 1/2-1/2

[Event "20th Open"]
[Site "Cappelle la Grande FRA"]
[Date "2004.03.05"]
[Round "8"]
[White "Delchev,A"]
[Black "Grigoriants,S RUS"]
[Result "1/2-1/2"]
[WhiteElo "2624"]
[BlackElo "2532"]
[EventDate "2004.02.28"]

1. d4 Nf6 2. c4 e6 3. Nf3 c5 4. d5 exd5 5. cxd5 d6 6. Nc3 g6 7. g3 Bg7 8.
Bg2 O-O 9. O-O Re8 10. Bf4 Nh5 11. Bg5 Qd7 12. e4 b5 13. Re1 b4 14. Na4 Na6
15. Bf1 h6 16. Bc1 Nc7 17. a3 Rb8 18. axb4 Rxb4 19. Nc3 a6 20. Ra2 Nb5 21.
Nxb5 axb5 22. e5 dxe5 23. Be3 Qd6 24. Bd2 Ra4 25. Rxa4 bxa4 26. Qxa4 Bd7
27. Bb5 Bxb5 28. Qxb5 Nf6 29. Bc3 Qxd5 30. Nxe5 Kh7 31. Qa4 Re7 32. h3 Qb7
33. Qc4 Nd5 34. Nd3 Nxc3 35. Rxe7 Qxe7 36. bxc3 Qd8 1/2-1/2

[Event "20th Open"]
[Site "Cappelle la Grande FRA"]
[Date "2004.03.05"]
[Round "8"]
[White "Deviatkin,A"]
[Black "Burmakin,V"]
[Result "1/2-1/2"]
[WhiteElo "2495"]
[BlackElo "2596"]
[EventDate "2004.02.28"]

1. e4 c6 2. d4 d5 3. Nd2 dxe4 4. Nxe4 Bf5 5. Ng3 Bg6 6. h4 h6 7. Nf3 Nd7 8.
h5 Bh7 9. Bd3 Bxd3 10. Qxd3 e6 11. Bf4 Qa5+ 12. Bd2 Qc7 13. O-O-O O-O-O 14.
Ne4 Ngf6 15. g3 1/2-1/2

[Event "20th Open"]
[Site "Cappelle la Grande FRA"]
[Date "2004.03.05"]
[Round "8"]
[White "Wojtaszek,R"]
[Black "Postny,E"]
[Result "1/2-1/2"]
[WhiteElo "2480"]
[BlackElo "2537"]
[EventDate "2004.02.28"]

1. d4 d5 2. Nf3 c6 3. c4 Nf6 4. Qc2 g6 5. Bf4 dxc4 6. Qxc4 Bg7 7. e3 O-O 8.
Be2 Be6 9. Qc2 Bf5 10. Qb3 Bxb1 11. Rxb1 Qa5+ 12. Kf1 Nbd7 13. g3 c5 14.
Kg2 cxd4 15. exd4 Nb6 16. Rbc1 Rac8 17. Bd2 Qa4 18. Qxa4 Nxa4 19. b3 Nb6
20. Bd3 Nfd5 21. Rc5 e6 22. Rhc1 Bf6 23. Be4 Be7 24. Ng1 Ra8 25. b4 1/2-1/2

[Event "20th Open"]
[Site "Cappelle la Grande FRA"]
[Date "2004.03.05"]
[Round "8"]
[White "Geller,J"]
[Black "Vysochin,S"]
[Result "0-1"]
[WhiteElo "2494"]
[BlackElo "2584"]
[EventDate "2004.02.28"]

1. e4 e6 2. d4 d5 3. Nc3 dxe4 4. Nxe4 Bd7 5. Nf3 Bc6 6. Bd3 Nd7 7. O-O Bxe4
8. Bxe4 c6 9. c4 Ngf6 10. Bc2 Bd6 11. Re1 O-O 12. b3 Re8 13. Bb2 Qa5 14.
Ne5 Ba3 15. Bxa3 Qxa3 16. Qc1 Qd6 17. Qe3 Rad8 18. c5 Qc7 19. Nc4 Nf8 20.
b4 Ng4 21. Qg3 Qxg3 22. hxg3 Rxd4 23. Nd6 Rb8 24. Rab1 Nd7 25. b5 cxb5 26.
Rxb5 b6 27. cxb6 a6 28. Nf5 exf5 29. Rxf5 g6 30. Rf3 Rxb6 31. Bb3 Nde5 32.
Rc3 Rc6 33. Rxc6 Nxc6 34. Re8+ Kg7 35. Rc8 Na5 36. Bc2 Rd2 37. Rc7 Nxf2 0-1

[Event "20th Open"]
[Site "Cappelle la Grande FRA"]
[Date "2004.03.05"]
[Round "8"]
[White "Inarkiev,E"]
[Black "Giffard,N"]
[Result "1-0"]
[WhiteElo "2606"]
[BlackElo "2345"]
[EventDate "2004.02.28"]

1. e4 c5 2. Nf3 Nc6 3. d4 cxd4 4. Nxd4 e5 5. Nb5 Bc5 6. N1c3 Nf6 7. Nd6+
Ke7 8. Nf5+ Kf8 9. Bg5 h6 10. Bxf6 Qxf6 11. Nd5 Qd8 12. Bc4 g6 13. Nfe3 Kg7
14. O-O d6 15. c3 a5 16. a4 Rf8 17. Kh1 f5 18. exf5 gxf5 19. f4 exf4 20.
Rxf4 Ne5 21. b4 Ba7 22. Bb3 Ng6 23. Rf1 f4 24. Nc4 Be6 25. Qd2 Rf5 26. Nxf4
Nxf4 27. Rxf4 Rxf4 28. Qxf4 axb4 29. Re1 Qf8 30. Qe4 Bg8 31. cxb4 Qf2 32.
Bc2 Kh8 33. Ne5 Rc8 34. Bb1 Be3 35. Nd3 Bh7 36. Qxh7+ Kxh7 37. Nxf2+ Kg7
38. Nd3 Bg5 39. a5 Bd2 40. Rd1 1-0

[Event "20th Open"]
[Site "Cappelle la Grande FRA"]
[Date "2004.03.05"]
[Round "8"]
[White "Jaracz,P"]
[Black "Hanley,C"]
[Result "1-0"]
[WhiteElo "2540"]
[BlackElo "2322"]
[EventDate "2004.02.28"]

1. Nf3 Nf6 2. c4 g6 3. Nc3 Bg7 4. g3 O-O 5. Bg2 d6 6. d4 Nc6 7. O-O a6 8.
h3 Bd7 9. e4 e5 10. dxe5 dxe5 11. Re1 Re8 12. Nd5 Nxd5 13. cxd5 Nd4 14.
Nxd4 exd4 15. f4 c6 16. e5 Qb6 17. b3 cxd5 18. Kh2 f6 19. Bb2 fxe5 20. fxe5
Rac8 21. Bxd4 Qa5 22. a3 Bh6 23. b4 Qb5 24. Bc5 Be6 25. Bxd5 b6 26. a4 Qd7
27. Bd6 Rc3 28. Re2 Rec8 29. Qd4 Rc2 30. Ra2 Rc1 31. b5 axb5 32. axb5 Qf7
33. Bxe6 Qxe6 34. Qe4 Bf8 35. Bxf8 Rxf8 36. Ra8 Rc5 37. Rxf8+ Kxf8 38. Qb7
Kg8 39. h4 Rxb5 40. Rd2 Qe8 41. e6 Re5 42. Ra2 Ra5 43. Re2 Rf5 44. e7 Kg7
45. Qxb6 g5 46. Qd8 1-0

[Event "20th Open"]
[Site "Cappelle la Grande FRA"]
[Date "2004.03.05"]
[Round "8"]
[White "Midoux,S"]
[Black "Gouliev,N"]
[Result "0-1"]
[WhiteElo "2315"]
[BlackElo "2453"]
[EventDate "2004.02.28"]

1. e4 e6 2. d4 d5 3. e5 c5 4. c3 Nc6 5. Nf3 Bd7 6. Be2 Nge7 7. Na3 cxd4 8.
cxd4 Nf5 9. Nc2 Be7 10. O-O O-O 11. Bd3 Rc8 12. Kh1 f6 13. Bxf5 exf5 14.
Re1 Be8 15. exf6 Bxf6 16. Ne5 Bxe5 17. dxe5 d4 18. Qd3 f4 19. Bd2 f3 20.
Nb4 Qh4 21. Kg1 Bg6 22. g3 Qg4 23. Qf1 d3 24. Nxc6 Rxc6 25. Rac1 Rc2 26.
Rxc2 dxc2 27. h3 Qe6 28. Bb4 Rc8 29. Kh2 Qb6 0-1

[Event "20th Open"]
[Site "Cappelle la Grande FRA"]
[Date "2004.03.05"]
[Round "8"]
[White "Yevseev,D"]
[Black "Zilberman,Y"]
[Result "1-0"]
[WhiteElo "2580"]
[BlackElo "2407"]
[EventDate "2004.02.28"]

1. d4 d5 2. c4 dxc4 3. e3 Nf6 4. Bxc4 c5 5. Nf3 e6 6. O-O a6 7. Bb3 cxd4 8.
exd4 Nc6 9. Nc3 Be7 10. Bg5 O-O 11. Qd2 Na5 12. Bc2 b5 13. Qf4 Bb7 14. Rad1
Bxf3 15. Qxf3 Rc8 16. d5 exd5 17. Bxf6 Bxf6 18. Rxd5 Qb6 19. Rh5 h6 20. Nd5
Qd6 21. Nxf6+ Qxf6 22. Qxf6 gxf6 23. Bf5 Rc6 24. Rxh6 Rd8 25. g4 Rcd6 26.
Kg2 Nc6 27. Re1 Kg7 28. Rh7+ Kg8 29. Re3 Nd4 30. Reh3 Nxf5 31. gxf5 Kf8 32.
Rh8+ Ke7 33. Re3+ Kd7 34. Rxd8+ Kxd8 35. h4 Rd5 36. h5 Rxf5 37. h6 Rg5+ 38.
Rg3 Rh5 39. Rh3 Rg5+ 40. Kf3 Rg8 41. h7 Rh8 42. Kf4 1-0

[Event "20th Open"]
[Site "Cappelle la Grande FRA"]
[Date "2004.03.05"]
[Round "8"]
[White "Huguenin,O"]
[Black "Belkhodja,S"]
[Result "0-1"]
[WhiteElo "2162"]
[BlackElo "2445"]
[EventDate "2004.02.28"]

1. d4 d6 2. Nf3 Nf6 3. g3 g6 4. Bg2 Bg7 5. O-O O-O 6. c4 Nbd7 7. Nc3 e5 8.
dxe5 dxe5 9. h3 Re8 10. Be3 Qe7 11. Rc1 c6 12. Ng5 Nc5 13. b4 Ne6 14. Nxe6
Bxe6 15. b5 cxb5 16. cxb5 Rac8 17. Qa4 b6 18. Ne4 Nxe4 19. Bxe4 Bxh3 20.
Rfd1 Be6 21. Rxc8 Rxc8 22. Qa6 Bf8 23. Qb7 Qxb7 24. Bxb7 Rc7 25. Rd8 Kg7
26. Bd5 Be7 0-1

[Event "20th Open"]
[Site "Cappelle la Grande FRA"]
[Date "2004.03.05"]
[Round "8"]
[White "Alavkin,A"]
[Black "Nordstrom,F"]
[Result "1-0"]
[WhiteElo "2493"]
[BlackElo "2201"]
[EventDate "2004.02.28"]

1. e4 c5 2. Nf3 e6 3. d4 cxd4 4. Nxd4 a6 5. Bd3 d5 6. exd5 Qxd5 7. O-O Nf6
8. Nc3 Qd6 9. Re1 Be7 10. Nf3 Nbd7 11. b3 O-O 12. Ng5 Nc5 13. Nce4 Nfxe4
14. Nxe4 Nxe4 15. Rxe4 Bf6 16. Bf4 Qe7 17. Rb1 Bd7 18. Re3 e5 19. Qe2 Rae8
20. Re1 Qa3 21. Bxe5 Bxe5 22. Rxe5 Rxe5 23. Qxe5 g6 24. Qd4 Bc6 25. h4 Qa5
26. Re7 Qxa2 27. Qf6 Bd5 28. h5 Qb1+ 29. Kh2 Qc1 30. f4 Rc8 31. h6 Kf8 32.
Re5 1-0

[Event "20th Open"]
[Site "Cappelle la Grande FRA"]
[Date "2004.03.05"]
[Round "8"]
[White "Makarov,M"]
[Black "Gregoire,S"]
[Result "1-0"]
[WhiteElo "2530"]
[BlackElo "2313"]
[EventDate "2004.02.28"]

1. Nf3 c5 2. c4 Nc6 3. d4 cxd4 4. Nxd4 Nf6 5. Nc3 e6 6. g3 Qb6 7. Nb3 d5 8.
cxd5 exd5 9. Be3 Qd8 10. Bg2 Be6 11. O-O Be7 12. Qd2 Ne5 13. Bd4 Nc4 14.
Qc2 O-O 15. Rad1 Qc8 16. Rc1 Rd8 17. e4 dxe4 18. Nxe4 Nd7 19. Qe2 b5 20.
Nc3 Qa6 21. Qh5 Rab8 22. Nd5 Bf8 23. Nc7 Qxa2 24. Nxe6 Qxb3 25. Ng5 Qd3 26.
Be5 1-0

[Event "20th Open"]
[Site "Cappelle la Grande FRA"]
[Date "2004.03.05"]
[Round "8"]
[White "Hebden,M"]
[Black "Philippe,C"]
[Result "1-0"]
[WhiteElo "2549"]
[BlackElo "2358"]
[EventDate "2004.02.28"]

1. d4 Nf6 2. Nf3 c5 3. d5 e6 4. Nc3 b5 5. dxe6 fxe6 6. Nxb5 d5 7. e3 a6 8.
Nc3 Bd6 9. e4 dxe4 10. Ng5 O-O 11. Ncxe4 Nxe4 12. Nxe4 Qh4 13. Qe2 Qe7 14.
Bg5 Qc7 15. O-O-O Be5 16. g3 Nc6 17. f4 Qa5 18. fxe5 Qxa2 19. Nf6+ gxf6 20.
Bxf6 Rf7 21. Bg2 Bb7 22. Rhf1 Qa1+ 23. Kd2 Qa4 24. c3 Rb8 25. Ke1 Na5 26.
Rf4 Qa2 27. Qg4+ Kf8 28. Be7+ Kxe7 29. Qg5+ 1-0

[Event "20th Open"]
[Site "Cappelle la Grande FRA"]
[Date "2004.03.05"]
[Round "8"]
[White "Seel,C"]
[Black "Delahaye,F"]
[Result "1-0"]
[WhiteElo "2380"]
[BlackElo "1989"]
[EventDate "2004.02.28"]

1. Nf3 Nf6 2. c4 g6 3. Nc3 Bg7 4. d4 d5 5. Bg5 c6 6. e3 O-O 7. Be2 Ne4 8.
Bh4 Nxc3 9. bxc3 Nd7 10. Qb3 Nf6 11. O-O e6 12. a4 Qa5 13. Nd2 Ne4 14. Nxe4
dxe4 15. c5 e5 16. Bc4 b6 17. Be7 exd4 18. exd4 Bf5 19. cxb6 axb6 20. Bxf8
Rxf8 21. Ra2 h5 22. Rb2 1-0

[Event "20th Open"]
[Site "Cappelle la Grande FRA"]
[Date "2004.03.05"]
[Round "8"]
[White "Pridorozhni,A"]
[Black "Piot,O"]
[Result "1-0"]
[WhiteElo "2493"]
[BlackElo "2245"]
[EventDate "2004.02.28"]

1. e4 e5 2. f4 exf4 3. Bc4 Nf6 4. Nc3 c6 5. e5 d5 6. Be2 Ne4 7. Nf3 Bc5 8.
d4 Bb4 9. Bd2 Qa5 10. Nxe4 dxe4 11. Ng5 e3 12. Bxb4 Qxb4+ 13. c3 Qe7 14. h4
Bf5 15. Bc4 Bg6 16. Qg4 h6 17. Bxf7+ Bxf7 18. Qc8+ Qd8 19. Nxf7 1-0

[Event "20th Open"]
[Site "Cappelle la Grande FRA"]
[Date "2004.03.05"]
[Round "8"]
[White "Pilgaard,K"]
[Black "Charmeteau,S"]
[Result "1-0"]
[WhiteElo "2398"]
[BlackElo "2014"]
[EventDate "2004.02.28"]

1. e4 c5 2. Nc3 Nc6 3. Nge2 Nf6 4. d4 cxd4 5. Nxd4 Qb6 6. Nb3 e6 7. Bd3 Be7
8. O-O O-O 9. Be3 Qc7 10. f4 d6 11. Qf3 a6 12. Rae1 Bd7 13. Qg3 Rfd8 14.
Kh1 b5 15. a3 Rab8 16. e5 Nd5 17. Nxd5 exd5 18. Nd4 dxe5 19. fxe5 Be6 20.
Nxe6 fxe6 21. Qh3 g6 22. Qxe6+ Kh8 23. Rf7 Rg8 24. Bg5 Rg7 25. Bf6 Rbg8 26.
Bxg6 Qa5 27. b4 1-0

[Event "20th Open"]
[Site "Cappelle la Grande FRA"]
[Date "2004.03.06"]
[Round "9"]
[White "Postny,E"]
[Black "Delchev,A"]
[Result "1/2-1/2"]
[WhiteElo "2537"]
[BlackElo "2624"]
[EventDate "2004.02.28"]

1. e4 e5 2. Nf3 Nc6 3. d4 exd4 4. Nxd4 Nf6 5. Nxc6 bxc6 6. Bd3 d5 7. exd5
cxd5 8. Bb5+ Bd7 9. Bxd7+ Qxd7 10. O-O Be7 11. c4 O-O 12. cxd5 Nxd5 13. Nc3
Rfd8 14. Nxd5 Qxd5 15. Qxd5 Rxd5 16. Bf4 Bf6 17. Rac1 Ra5 18. Rxc7 Rxa2 19.
b4 a6 20. Be3 h5 21. g3 h4 22. Kg2 Re8 23. Bc5 hxg3 24. hxg3 Bc3 25. Rd1
Rb2 26. Rdd7 Bxb4 27. Bxb4 Rxb4 28. Rxf7 Rg4 29. Rfd7 Rg6 30. Ra7 Re2 31.
g4 1/2-1/2

[Event "20th Open"]
[Site "Cappelle la Grande FRA"]
[Date "2004.03.06"]
[Round "9"]
[White "Timofeev,Ar"]
[Black "Meijers,V"]
[Result "1-0"]
[WhiteElo "2578"]
[BlackElo "2499"]
[EventDate "2004.02.28"]

1. e4 c5 2. Nf3 e6 3. d4 cxd4 4. Nxd4 a6 5. Bd3 Qc7 6. O-O Nf6 7. Qe2 d6 8.
c4 Nbd7 9. Nc3 b6 10. f4 Bb7 11. Kh1 g6 12. f5 gxf5 13. exf5 e5 14. Ne6
fxe6 15. fxe6 Nc5 16. Rxf6 Nxd3 17. Qxd3 Bxg2+ 18. Kxg2 Qg7+ 19. Kh1 Qxf6
20. Nd5 Qh4 21. Be3 Ra7 22. Bxb6 Rb7 23. c5 dxc5 24. Nc7+ Rxc7 25. Bxc7 Qe7
26. Qxa6 Qxc7 27. Rd1 Bh6 28. Rd7 Qb8 29. Rb7 Qd8 30. Qc6+ 1-0

[Event "20th Open"]
[Site "Cappelle la Grande FRA"]
[Date "2004.03.06"]
[Round "9"]
[White "Slobodjan,R"]
[Black "Korneev,O"]
[Result "0-1"]
[WhiteElo "2516"]
[BlackElo "2566"]
[EventDate "2004.02.28"]

1. d4 Nf6 2. Nc3 d5 3. Bg5 Nbd7 4. e3 h6 5. Bh4 e6 6. a3 Be7 7. Nf3 c5 8.
Be2 b6 9. Bb5 Bb7 10. Ne5 O-O 11. Bc6 Rb8 12. Bxb7 Rxb7 13. Nc6 Qe8 14. Bg3
b5 15. O-O a6 16. Na5 Ra7 17. Nc6 Ra8 18. Re1 Nb6 19. Nxe7+ Qxe7 20. Bh4
Nbd7 21. Ne2 Rfc8 22. c3 a5 23. Bxf6 Nxf6 24. Ng3 cxd4 25. cxd4 Rc4 26. Qd3
Rac8 27. Ne2 Ne4 28. f3 Nd6 29. Nc3 Qg5 30. Rac1 Nf5 31. Kf2 Qh4+ 32. Kf1
Qxh2 33. Qd2 h5 34. Ne2 Rc2 0-1

[Event "20th Open"]
[Site "Cappelle la Grande FRA"]
[Date "2004.03.06"]
[Round "9"]
[White "Kulaots,K"]
[Black "Rozentalis,E"]
[Result "1-0"]
[WhiteElo "2530"]
[BlackElo "2625"]
[EventDate "2004.02.28"]

1. e4 e5 2. Nf3 Nf6 3. Nxe5 d6 4. Nf3 Nxe4 5. d4 d5 6. Bd3 Bd6 7. O-O O-O
8. Re1 Bg4 9. Bxe4 dxe4 10. Rxe4 f5 11. Re1 Nc6 12. c3 Kh8 13. Nbd2 Qf6 14.
h3 Bh5 15. Nc4 Rae8 16. Rf1 f4 17. Nxd6 Qxd6 18. b3 b5 19. Bb2 Qd5 20. a4
a6 21. axb5 axb5 22. Ba3 Rf6 23. Bc5 h6 24. Qd3 Qxb3 25. Rfb1 Qd5 26. Rxb5
Rg6 27. Nh4 Rg5 28. c4 Qf7 29. Nf3 Rg6 30. Rbb1 Qd7 31. Re1 Rb8 32. d5 Rf6
33. Qc3 Nd8 34. Re7 Qf5 35. Bd4 Rf7 36. Rae1 Rb1 37. Bxg7+ Kh7 38. Rxf7
Nxf7 39. Rxb1 Qxb1+ 40. Ne1 Qf5 41. Bd4 Be2 42. f3 Nd6 43. Bh8 Qg6 44. Be5
Nxc4 45. Bxf4 Qb6+ 46. Kh2 Bf1 47. Qc2+ Kg7 48. Qe4 1-0